| 000 | 00602nam a2200241 a 4500 | ||
|---|---|---|---|
| 001 | nice12345678 | ||
| 003 | IN_TiNIC | ||
| 005 | 20260116013007.0 | ||
| 008 | 050524s1939 hyda grp 000 0 urd | ||
| 020 |
_a _c100 |
||
| 082 | 0 | 0 |
_a922.97 _bMOH |
| 100 | _aMohammad, A Mukaram Faiz | ||
| 245 | _aSir Salar Jung Azam | ||
| 260 |
_aHyderabad _bMaktaba Ibrahimiya Mission Press _c1939 |
||
| 300 | _a48p | ||
| 500 | _aincludes index and biblioraphy | ||
| 505 | 2 | _aPart 1 and 2 | |
| 650 | _aSalar Jung | ||
| 700 | 1 | _aMohammad, A Mukaram Faiz | |
| 902 | _bSRS | ||
| 942 | _cBK | ||
| 999 |
_c9192 _d9192 |
||